Statistics for NHL Hockey Teams

Click here to take the quiz!

General Stats

  • This quiz has been taken 2,845 times
  • The average score is 23 of 30

Answer Stats

Answer % Correct
Los Angeles Kings
87%
New York Rangers
87%
Boston Bruins
87%
Pittsburgh Penguins
85%
Chicago Blackhawks
84%
Toronto Maple Leafs
83%
Vancouver Canucks
82%
Anaheim Ducks
82%
New York Islanders
81%
Detroit Red Wings
80%
Montreal Canadiens
79%
Edmonton Oilers
79%
Florida Panthers
78%
Dallas Stars
78%
Winnipeg Jets
78%
Philadelphia Flyers
77%
San Jose Sharks
77%
Calgary Flames
76%
Tampa Bay Lightning
76%
Minnesota Wild
75%
Ottawa Senators
73%
Washington Capitals
73%
Colorado Avalanche
71%
St. Louis Blues
70%
New Jersey Devils
69%
Phoenix Coyotes
67%
Columbus Blue Jackets
66%
Carolina Hurricanes
64%
Nashville Predators
64%
Buffalo Sabres
61%

Score Distribution

Percentile by Number Answered

Percent of People with Each Score

Your Score History

You have not taken this quiz